Inter Mailand 2025/2026 Roster - Statistiken

Allgemein
  • Dieses Quiz wurde 20 mal gespielt
  • Das Durchschnittsergebnis liegt bei 15 aus 25
Antwortstatistiken
Position Land Trikotnummer Alter Name % Korrekt
TW Schweiz 1 37 Sommer Yann
100%
Ver Italien 95 26 Bastoni Alessandro
94%
TW Spanien 13 27 Martínez Josep
89%
Att Argentinien 10 28 Martínez Lautaro
89%
Ver Deutschland 31 25 Bisseck Yann
83%
Att Frankreich 9 28 Thuram Marcus
83%
Ver Italien 15 38 Acerbi Francesco
78%
Mit Italien 23 29 Barella Nicolo
78%
Mit Türkei 20 32 Çalhanoğlu Hakan
78%
Ver Niederlande 6 34 de Vrij Stefan
78%
Ver Niederlande 2 29 Dumfries Denzel
78%
Mit Polen 7 31 Zieliński Piotr
78%
Ver Schweiz 25 30 Akanji Manuel
72%
Ver Italien 32 28 Dimarco Federico
61%
Att Italien 94 20 Esposito Francesco Pio
56%
Mit Armenien 22 37 Mkhitaryan Henrikh
56%
Att Frankreich 14 22 Bonny Ange-Yoan
44%
Mit Italien 16 26 Frattesi Davide
44%
Trainer Rumänien ---------- 45 Chivu Cristian
39%
Mit Kroatien 8 22 Sučić Petar
39%
Att Brasilien 11 24 Luis Henrique
33%
Ver Italien 36 36 Darmian Matteo
28%
Mit Brasilien 30 27 Carlos Augusto
28%
Mit Frankreich 17 22 Diouf Andy
22%
Att Italien 47 19 Lavelli Matteo
6%
Keine übereinstimmenden Quizze gefunden
Verteilung der Resultate
Anzahl Personen mit jedem Resultat
Perzentil nach korrekt beantworteten Fragen
Ihre Resultats-Entwicklung
Sie haben dieses Quiz noch nicht gespielt